| 000 | 00881nam a2200265 a 4500 | ||
|---|---|---|---|
| 001 | BRCA_4461 | ||
| 005 | 20190320204659.0 | ||
| 008 | 030910s1907----enka######---#000-0#eng-# | ||
| 041 | _aeng | ||
| 044 | _aenk | ||
| 050 | 4 |
_aDP17 _b.C35 5 _c1907 |
|
| 100 | 1 |
_aCalvert, Albert F. _d1872-1946 _911305 |
|
| 245 | 1 | 0 |
_aSeville _bAn historical and descriptive account of ´The Pearl of Andalusia´ _cBy Albert F. Calvert. |
| 260 |
_aLondres: Nueva York _bJohn Lane, The Bodley Head _c1907 |
||
| 300 |
_axxi, 139 p. (v.5) _bil., 300 láminas _c20 cm. |
||
| 440 | 0 |
_aThe spanish series _v5 _911306 |
|
| 500 | _aIncluye índice de ilustraciones | ||
| 500 | _aEjemplar igual a CEO3 | ||
| 500 | _aCon ex-libris de Setterfield | ||
| 500 | _aCEO15 | ||
| 651 | 4 |
_aEspaña _xDescripción _zSevilla _911307 |
|
| 651 | 4 |
_aEspaña _xDescripción y viajes _97912 |
|
| 902 | _aGFM | ||
| 942 |
_2lcc _cB |
||
| 999 |
_c4167 _d4167 |
||